[Event "33rd ECCC Open 2017"]
[Site "Antalya"]
[Date "2017.10.12"]
[Round "5"]
[White "Baliasnyj, Timur"]
[Black "Varga, Zoltan"]
[Result "1/2-1/2"]
[WhiteElo "2218"]
[BlackElo "2451"]
[Annotator "TA"]
[PlyCount "100"]
[EventType "team-tourn"]
[EventCountry "TUR"]
[SourceTitle "playchess.com"]
[Source "ChessBase"]
[SourceQuality "1"]
[WhiteTeam "MAKABI"]
[BlackTeam "Dunajska Streda"]

{[%evp 9,100,-4,9,-10,43,18,29,0,7,-21,-22,-16,30,-50,-29,-122,-129,-131,-118,-124,-94,-101,-104,-114,-91,-112,-87,-81,-79,-94,-93,-78,-65,-89,-73,-68,-67,-64,-66,-66,-66,-67,-66,-53,-53,-53,-53,-53,-55,-54,-24,-37,-45,-171,-142,-146,-152,-135,0,0,0,0,0,0,0,-14,0,-8,0,0,0,0,0,0,0,0,0,0,71,0,0,0,0,0,0,0,0,0,0,0,0,0,0]} 1. c4 c6 2. Nf3 d5 3. g3 dxc4 4. Bg2 Nd7 5. O-O Nb6 {LiveBook: 6 Games} 6. Qc2 {A11: English Opening: 1...c6} Qd5 (6... Nf6 $11) 7. Nc3 Qf5 8. e4 {White has an edge.} Qh5 9. d4 $146 ({Predecessor:} 9. a4 Bg4 10. Ne1 Nf6 11. d3 e5 12. Be3 {0-1 (53) Grischuk,A (2771)-Aronian,L (2801) Moscow 2010}) 9... cxd3 $1 10. Qxd3 e5 11. Rd1 (11. Nh4 $11) 11... Be7 12. h3 (12. a4 $11) 12... Bxh3 $17 13. Bxh3 Qxh3 14. Nxe5 Nf6 15. Qf3 O-O 16. Bg5 Rae8 17. a3 Nfd7 18. Nxd7 Nxd7 19. Qf5 Qxf5 20. exf5 Nb6 21. Bf4 Rc8 22. Be3 Rfd8 23. Ne4 Nd5 24. Bxa7 b6 {Hoping for ...Ra8.} 25. Nc3 $1 {[%cal Rc3d5]} Nxc3 26. bxc3 Rxd1+ 27. Rxd1 $15 {[%mdl 4096] Endgame KRB-KRB} b5 28. Rd7 Bxa3 29. Rb7 f6 30. g4 Bd6 31. Bb6 ({White should play} 31. Bd4 $15) 31... Rb8 32. Rd7 Be5 33. Bc7 {[#]} Rb7 (33... Re8 $1 $17 34. Bxe5 Rxe5) 34. Rd8+ $11 Kf7 35. Bxe5 fxe5 {KR-KR} 36. Rc8 Kf6 37. Kg2 Kg5 38. Kg3 b4 39. cxb4 Rxb4 40. f3 Rc4 41. Re8 h5 {[%cal Rh5g4]} 42. Rxe5 {Threatens to win with f4+!} h4+ 43. Kh3 {aiming for Re6.} Rf4 {[#]} (43... Rc3 $11 44. f6+ Kxf6 45. Rf5+ Ke6) 44. f6+ ({Better is} 44. Kg2 $1 $16) 44... Kxf6 {The position is equal.} 45. Rc5 Rxf3+ 46. Kxh4 {[#]} g5+ $1 {[%mdl 512]} 47. Rxg5 Rh3+ 48. Kxh3 {Intending Rc5 and mate.} Kxg5 49. Kg3 c5 50. Kf3 c4 {Precision: White = 51%, Black = 65%.} 1/2-1/2

[Event "33rd ECCC Open 2017"]
[Site "Antalya"]
[Date "2017.10.12"]
[Round "5"]
[White "Alava, Mikko"]
[Black "Reimanis, Ritvars"]
[Result "0-1"]
[WhiteElo "2212"]
[BlackElo "2294"]
[Annotator "NA"]
[PlyCount "82"]
[EventType "team-tourn"]
[EventCountry "TUR"]
[SourceTitle "playchess.com"]
[Source "ChessBase"]
[SourceQuality "1"]
[WhiteTeam "Etela-Vantaan"]
[BlackTeam "Riga"]
[TimeControl "40/5400+30:1800+30"]

1. e4 {[%emt 0:00:30]} c5 {[%emt 0:01:00]} 2. Nf3 {[%emt 0:00:30]} Nc6 {[%emt 0:00:30]} 3. b3 {[%emt 0:00:30]} d6 {[%emt 0:00:30]} 4. Bb5 {[%emt 0:00:30]} Bd7 {[%emt 0:00:30]} 5. O-O {[%emt 0:00:00] B50: Sicilian: 2...d6, Miscellaneous} a6 {[%emt 0:03:30]} (5... Nf6 6. d3 g6 7. Bb2 Bg7 8. Nbd2 O-O 9. a4 e5 10. Nc4 a6 11. Bxc6 Bxc6 12. a5 Nh5 13. Nb6 Rb8 14. c4 f5 15. Nd5 Qd7 16. Nd2 fxe4 17. dxe4 {1-0 (76) Andreikin,D (2708)-Artemiev,V (2692) Sochi 2017}) 6. Be2 {[%emt 0:05:00]} Nf6 $146 {[%emt 0:00:30]} ({Predecessor:} 6... e5 7. Bb2 f5 8. d3 Nf6 9. Nbd2 Be7 10. c3 fxe4 11. dxe4 O-O 12. Nc4 Nxe4 {1-0 (22) Dembo,Y-Ovezova,M Szeged 1994}) 7. d3 {[%emt 0:00:00]} g6 {[%emt 0:02:30]} 8. Bb2 {[%emt 0:02:00]} Bg7 {[%emt 0:00:30]} 9. Nc3 {[%emt 0:07:30]} O-O {[%emt 0:01:30]} 10. Nd5 {[%emt 0:02:30]} e6 {[%emt 0:04:30]} 11. Nxf6+ {[%emt 0:02:30]} Bxf6 {[%emt 0:00:00]} 12. Bxf6 {[%emt 0:00:30]} Qxf6 {[%emt 0:00:00]} 13. Qd2 {[%emt 0:00:30]} b5 {[%emt 0:05:30]} 14. Rfd1 {[%emt 0:10:30]} e5 {[%emt 0:00:30]} 15. c3 {[%emt 0:00:30]} b4 {[%emt 0:00:30]} 16. cxb4 {[%emt 0:08:30]} Nxb4 {[%emt 0:03:30]} 17. a3 {[%emt 0:02:30]} Nc6 {[%emt 0:00:00]} 18. b4 {[%emt 0:02:30]} Bg4 {[%emt 0:04:00]} 19. bxc5 {[%emt 0:04:30]} Bxf3 {[%emt 0:00:30]} 20. Bxf3 {[%emt 0:00:00]} Nd4 {[%emt 0:00:00]} 21. Rab1 {[%emt 0:02:00]} dxc5 {[%emt 0:08:00]} 22. Qe3 {[%emt 0:08:30]} Rab8 {[%emt 0:01:30]} 23. Rdc1 {[%emt 0:01:30]} Rb6 {[%emt 0:01:30]} 24. Rxb6 {[%emt 0:07:30]} Qxb6 {[%emt 0:00:30]} 25. Qd2 {[%emt 0:03:30]} Rb8 {[%emt 0:00:30]} 26. Qc3 {[%emt 0:01:30]} Qd6 {[%emt 0:02:30]} 27. Bd1 {[%emt 0:02:30]} Rb3 {[%emt 0:01:30]} 28. Qc4 {[%emt 0:07:54]} Rxa3 {[%emt 0:00:30]} 29. Rb1 {[%emt 0:00:19]} Ra5 {[%emt 0:11:30]} 30. Bb3 {[%emt 0:05:32]} (30. g3 $17) 30... Nxb3 {[%emt 0:01:30]} 31. Qxb3 {[%emt 0:00:10]} Rb5 {[%emt 0:00:30]} 32. Qc2 {[%emt 0:00:39]} Qb6 {[%emt 0:00:30]} 33. Rc1 {[%emt 0:02:48]} Rb2 {[%emt 0:01:30]} 34. Qc3 {[%emt 0:01:54]} Rb1 {[%emt 0:00:30]} 35. g3 $19 {[%emt 0:00:58]} (35. Rf1 {was worth a try.}) 35... Rxc1+ {[%emt 0:00:30]} 36. Qxc1 {[%emt 0:00:02]} Kg7 {[%emt 0:06:30]} 37. Qc3 {[%emt 0:01:43]} Qd6 {[%emt 0:01:30]} 38. Qc4 {[%emt 0:00:59]} a5 {[%emt 0:00:30]} 39. Qb5 {[%emt 0:01:58]} a4 {[%emt 0:00:30]} 40. Qxa4 {[%emt 0:00:00]} Qxd3 {[%emt 0:00:30]} 41. Qe8 {[%emt 0:07:04]} Qb1+ {[%emt 0:00:30]} 0-1

[Event "33rd ECCC Open 2017"]
[Site "Antalya"]
[Date "2017.10.12"]
[Round "5"]
[White "Vea, Odin Blikra"]
[Black "Persson, Mats"]
[Result "0-1"]
[WhiteElo "2211"]
[BlackElo "2292"]
[Annotator "NA"]
[PlyCount "116"]
[EventType "team-tourn"]
[EventCountry "TUR"]
[SourceTitle "playchess.com"]
[Source "ChessBase"]
[SourceQuality "1"]
[WhiteTeam "Valerenga"]
[BlackTeam "Oslo"]
[TimeControl "40/5400+30:1800+30"]

1. e4 {[%emt 0:00:30]} e5 {[%emt 0:01:00]} 2. Nf3 {[%emt 0:00:30]} Nc6 {[%emt 0:00:30]} 3. Bc4 {[%emt 0:00:30]} Bc5 {[%emt 0:00:30]} 4. c3 {[%emt 0:00:30]} Nf6 {[%emt 0:00:30]} 5. d4 {[%emt 0:00:30]} exd4 {[%emt 0:00:30]} 6. cxd4 {[%emt 0:00:30]} Bb4+ {[%emt 0:00:30]} 7. Nbd2 {[%emt 0:00:00] C54: Giuoco Piano: 4 c3 Nf6, main lines with 5 d4 and 5 d3} (7. Bd2 Bxd2+ 8. Nbxd2 d5 9. exd5 Nxd5 10. O-O O-O 11. Rc1 Nb6 12. Bb3 a5 13. a3 a4 14. Ba2 Nxd4 15. Nxd4 Qxd4 16. Rxc7 Qxb2 17. Nc4 Nxc4 18. Bxc4 Qf6 19. Re1 {½-½ (30) Ma,Q (2637)-Wei,Y (2728) Beijing 2017}) 7... Nxe4 {[%emt 0:06:30]} 8. d5 {[%emt 0:00:00]} Nxd2 {[%emt 0:02:30]} 9. Bxd2 {[%emt 0:00:00]} Bxd2+ {[%emt 0:08:30]} 10. Qxd2 {[%emt 0:00:00]} Ne7 {[%emt 0:00:00]} 11. d6 {[%emt 0:00:30]} cxd6 {[%emt 0:00:00]} 12. O-O {[%emt 0:00:30]} O-O {[%emt 0:06:30]} 13. Qxd6 {[%emt 0:01:30]} Nf5 {[%emt 0:03:30]} 14. Qd2 $146 {[%emt 0:11:30]} ({Predecessor:} 14. Qf4 d6 {1-0 (36) Simacek,P (2454)-Sosna,J (2340) Czech Republic 2016}) 14... d6 {[%emt 0:03:30]} 15. Bd5 {[%emt 0:07:30]} Rb8 {[%emt 0:08:30]} 16. Rfe1 {[%emt 0:07:30]} Bd7 {[%emt 0:10:30]} 17. Rac1 {[%emt 0:08:30]} h6 {[%emt 0:14:30]} 18. Qd3 {[%emt 0:14:30]} a6 {[%emt 0:08:30]} 19. Rc3 {[%emt 0:03:30]} Ne7 {[%emt 0:02:30]} 20. Bb3 {[%emt 0:21:41]} Bf5 {[%emt 0:00:00]} 21. Qe3 {[%emt 0:08:46]} Nc6 {[%emt 0:00:00]} 22. Qf4 {[%emt 0:00:30]} Qd7 {[%emt 0:00:00]} 23. g4 {[%emt 0:00:30]} Bxg4 {[%emt 0:00:00]} 24. Nh4 {[%emt 0:00:30]} Rbe8 {[%emt 0:00:00]} 25. Rxe8 {[%emt 0:01:00]} Rxe8 {[%emt 0:00:00]} 26. Rg3 {[%emt 0:00:30]} Re1+ {[%emt 0:00:00]} 27. Kg2 {[%emt 0:02:34]} Ne5 {[%emt 0:08:51]} 28. h3 {[%emt 0:00:30]} g5 {[%emt 0:08:35]} 29. Rxg4 {[%emt 0:01:32]} Nxg4 {[%emt 0:03:00]} 30. Qd2 {[%emt 0:04:15]} Re7 {[%emt 0:00:30]} 31. Ng6 {[%emt 0:00:30]} Re6 {[%emt 0:00:00]} 32. Bxe6 {[%emt 0:00:00]} Qxe6 {[%emt 0:00:00]} 33. hxg4 {[%emt 0:00:00]} Qxg4+ {[%emt 0:00:00]} 34. Kf1 {[%emt 0:00:00]} Qh3+ {[%emt 0:00:00]} 35. Kg1 {[%emt 0:00:00]} Qg4+ {[%emt 0:00:00]} 36. Kf1 {[%emt 0:00:00]} Qc4+ {[%emt 0:00:00]} 37. Kg1 {[%emt 0:00:00]} fxg6 {[%emt 0:00:00]} 38. b3 {[%emt 0:00:00]} Qg4+ {[%emt 0:00:00]} 39. Kf1 {[%emt 0:00:00]} Qd7 {[%emt 0:00:00]} 40. Qd5+ {[%emt 0:00:00]} Kh7 {[%emt 0:06:34]} 41. a4 {[%emt 0:09:12]} g4 {[%emt 0:00:30]} 42. Kg1 {[%emt 0:08:30]} h5 {[%emt 0:02:30]} 43. Kf1 {[%emt 0:00:30]} Qc7 {[%emt 0:00:30]} 44. Qe6 {[%emt 0:00:30]} Kg7 {[%emt 0:00:30]} 45. Kg1 {[%emt 0:00:30]} Qd8 {[%emt 0:00:30]} 46. Kf1 {[%emt 0:08:30]} d5 {[%emt 0:01:30]} 47. Ke2 {[%emt 0:00:30]} Kh6 {[%emt 0:00:30]} 48. Qf7 {[%emt 0:00:30]} b6 {[%emt 0:01:30]} 49. Kd3 $19 {[%emt 0:01:19]} Qd6 {[%emt 0:01:30]} 50. Qg8 {[%emt 0:03:48]} Kg5 {[%emt 0:04:30]} 51. Qc8 {[%emt 0:00:30]} a5 {[%emt 0:00:30]} 52. Qe8 {[%emt 0:00:30]} d4 {[%emt 0:00:30]} 53. b4 {[%emt 0:00:30]} axb4 {[%emt 0:00:30]} 54. Qb5+ {[%emt 0:00:34]} Kh4 {[%emt 0:00:30]} 55. a5 {[%emt 0:00:30]} bxa5 {[%emt 0:00:30]} 56. Qxa5 {[%emt 0:02:18]} Qf6 {[%emt 0:03:30]} 57. Qa2 {[%emt 0:01:35]} Qf4 {[%emt 0:01:30]} 58. Ke2 {[%emt 0:00:35]} Qf3+ {[%emt 0:02:22]} 0-1

[Event "33rd ECCC Open 2017"]
[Site "Antalya"]
[Date "2017.10.13"]
[Round "5"]
[White "Walton, Alan J"]
[Black "Hardarson, Jon Trausti"]
[Result "1-0"]
[WhiteElo "2207"]
[BlackElo "2146"]
[Annotator "TA"]
[PlyCount "61"]
[EventType "team-tourn"]
[EventCountry "TUR"]
[SourceTitle "playchess.com"]
[Source "ChessBase"]
[SourceQuality "1"]
[WhiteTeam "3CS Oldham"]
[BlackTeam "Fjolnir"]

{[%evp 11,61,19,56,-6,-6,-24,5,-17,5,6,103,115,102,57,66,50,61,56,61,64,87,75,93,85,75,76,96,73,110,112,108,106,103,104,253,248,227,227,204,190,337,338,318,324,336,298,330,296,392,405,400,404]} 1. d4 Nf6 2. Bg5 e6 3. e4 h6 4. Bxf6 Qxf6 5. Nc3 d6 6. Qd2 g6 {LiveBook: 38 Games} 7. Bd3 $146 {A45: Trompowsky Attack} (7. f4 $14) ({Predecessor:} 7. f4 Bg7 8. Nf3 Qe7 9. g3 b6 10. O-O-O Bb7 11. h4 Nd7 12. Kb1 O-O-O 13. Bh3 Kb8 14. Rhe1 Rhe8 15. d5 exd5 16. exd5 {½-½ (46) Brodowski,P (2422)-Bernasek,J (2506) Czechia 2013}) 7... Bg7 $11 8. Nge2 a6 9. O-O {The position is equal.} Nd7 10. f4 c5 (10... Qe7 $11) 11. e5 $1 $16 {[%cal Re5f6]} dxe5 12. fxe5 Qg5 13. Qxg5 hxg5 14. Ne4 {[#] Strongly threatening Nd6+.} O-O 15. c3 ({Much weaker is} 15. Nxg5 cxd4 16. Nxd4 Nxe5 $15) (15. dxc5 $6 Nxe5 16. Rad1 Ng4 $15) ({Of course not} 15. Nxc5 $6 Nxc5 16. dxc5 Bd7 $11) 15... g4 16. Rf4 cxd4 17. cxd4 Nxe5 18. dxe5 Bxe5 19. Rxg4 f5 20. Rxg6+ Kf7 21. Rh6 {Hoping for Ng5+.} fxe4 22. Bxe4 {Black must now prevent Rf1+.} Bxb2 (22... Bd7 $16) 23. Rf1+ $18 Kg8 24. Rg6+ Bg7 {[#]} 25. Nf4 $1 $36 {[%cal Rf4h5][%mdl 2048] White is on the roll.} Kh8 (25... Ra7 {keeps fighting.} 26. Rxg7+ Kxg7) 26. Rg4 Rf7 27. Rd1 Bd7 28. Bg6 ({Less strong is} 28. Bxb7 Ba4 $18) 28... Re7 29. Bc2 {And now Ng6+ would win.} Rf7 30. Ng6+ Kg8 31. Ne5 {Precision: White = 72%, Black = 41%.} 1-0

[Event "33rd ECCC Open 2017"]
[Site "Antalya"]
[Date "2017.10.12"]
[Round "5"]
[White "Delaney, Killian"]
[Black "Tsarouhas, Konstantinos"]
[Result "1-0"]
[WhiteElo "2202"]
[BlackElo "2126"]
[Annotator "NA"]
[PlyCount "111"]
[EventType "team-tourn"]
[EventCountry "TUR"]
[SourceTitle "playchess.com"]
[Source "ChessBase"]
[SourceQuality "1"]
[WhiteTeam "Gonzaga"]
[BlackTeam "Chania"]
[TimeControl "40/5400+30:1800+30"]

1. e4 {[%emt 0:07:30]} c5 {[%emt 0:26:00]} 2. c3 {[%emt 0:00:30]} Nf6 {[%emt 0:00:30]} 3. e5 {[%emt 0:00:30]} Nd5 {[%emt 0:00:30]} 4. Bc4 {[%emt 0:00:30]} Nb6 {[%emt 0:00:30]} 5. Bb3 {[%emt 0:00:30]} c4 {[%emt 0:00:30]} 6. Bc2 {[%emt 0:00:30]} Nc6 {[%emt 0:00:30]} 7. Nf3 {[%emt 0:00:30]} d6 {[%emt 0:00:30]} 8. exd6 {[%emt 0:00:30]} e5 {[%emt 0:00:30]} 9. O-O {[%emt 0:00:30]} Be6 {[%emt 0:00:30]} 10. a4 {[%emt 0:00:30]} Bxd6 {[%emt 0:00:30]} 11. a5 {[%emt 0:00:30]} Nd7 {[%emt 0:00:30]} 12. d4 {[%emt 0:00:30]} cxd3 {[%emt 0:00:30]} 13. Bxd3 {[%emt 0:00:30]} Nxa5 {[%emt 0:00:30]} 14. Bb5 {[%emt 0:09:30]} Bc7 {[%emt 0:05:30]} 15. Ng5 {[%emt 0:01:30]} Bb3 {[%emt 0:05:30]} (15... Bf5 $1 $15 {keeps the upper hand.}) 16. Qh5 $11 {[%emt 0:11:30]} h6 {[%emt 0:11:30]} 17. Ne4 {[%emt 0:19:30]} a6 {[%emt 0:16:30]} 18. Bxd7+ {[%emt 0:20:30]} Qxd7 {[%emt 0:00:00]} 19. Rxa5 {[%emt 0:00:30]} Bxa5 {[%emt 0:02:00]} 20. Nc5 {[%emt 0:00:30]} Qd5 {[%emt 0:16:39]} 21. Nxb3 {[%emt 0:00:00]} Bc7 {[%emt 0:00:23]} 22. N1d2 {[%emt 0:04:00]} O-O {[%emt 0:02:07]} 23. Qf3 {[%emt 0:04:07]} Qb5 {[%emt 0:01:19]} 24. c4 {[%emt 0:00:43]} Qb4 {[%emt 0:00:17]} 25. Na1 {[%emt 0:00:09]} Rad8 {[%emt 0:03:03]} 26. Nc2 {[%emt 0:00:39]} Qb6 {[%emt 0:03:33]} 27. Ne3 {[%emt 0:00:26]} Rd3 {[%emt 0:00:56]} 28. Qf5 {[%emt 0:01:02]} Qd4 {[%emt 0:01:32]} 29. Nd5 {[%emt 0:04:50]} Bb8 {[%emt 0:01:10]} 30. Ne7+ {[%emt 0:00:49]} Kh8 {[%emt 0:00:05]} 31. Ng6+ {[%emt 0:00:06]} Kg8 {[%emt 0:01:04]} 32. Nxf8 {[%emt 0:00:10]} Kxf8 {[%emt 0:00:32]} 33. Qc8+ {[%emt 0:00:41]} Qd8 {[%emt 0:00:08]} 34. Qxd8+ {[%emt 0:00:18]} Rxd8 {[%emt 0:00:01]} 35. Re1 {[%emt 0:00:14]} Rc8 {[%emt 0:00:26]} 36. b3 {[%emt 0:00:46]} b5 {[%emt 0:00:13]} 37. Ba3+ {[%emt 0:00:33]} Kg8 {[%emt 0:00:04]} 38. Kf1 {[%emt 0:00:06]} f5 {[%emt 0:01:30]} 39. Rc1 {[%emt 0:00:47]} Rd8 {[%emt 0:00:20]} 40. Ke2 {[%emt 0:00:00]} Kf7 {[%emt 0:01:08]} 41. cxb5 {[%emt 0:01:04]} axb5 {[%emt 0:00:30]} 42. Rc5 {[%emt 0:00:30]} Bd6 {[%emt 0:02:30]} 43. Rd5 {[%emt 0:01:30]} Be7 {[%emt 0:01:30]} 44. Rxd8 {[%emt 0:00:00]} Bxd8 {[%emt 0:00:00]} 45. Nb1 {[%emt 0:03:00]} Ke6 {[%emt 0:01:00]} 46. Nc3 {[%emt 0:00:30]} g5 {[%emt 0:01:30]} 47. Nxb5 {[%emt 0:00:00]} h5 {[%emt 0:00:00]} 48. Nc3 {[%emt 0:00:00]} h4 {[%emt 0:00:00]} 49. f3 {[%emt 0:00:30]} Bf6 {[%emt 0:03:30]} 50. Kd3 {[%emt 0:00:30]} Bd8 {[%emt 0:03:30]} 51. Bc5 {[%emt 0:00:30]} Kd7 {[%emt 0:00:30]} 52. b4 {[%emt 0:02:30]} Bc7 {[%emt 0:01:30]} 53. h3 {[%emt 0:00:00]} Bd8 {[%emt 0:00:30]} 54. Kc4 {[%emt 0:01:00]} Bf6 {[%emt 0:01:32]} 55. b5 {[%emt 0:00:30]} Kc8 {[%emt 0:01:05]} 56. Nd5 {[%emt 0:00:30]} 1-0

[Event "33rd ECCC Open 2017"]
[Site "Antalya"]
[Date "2017.10.12"]
[Round "5"]
[White "Seresin, Francesco"]
[Black "Greenfeld, Alon"]
[Result "0-1"]
[WhiteElo "2195"]
[BlackElo "2509"]
[Annotator "TA"]
[PlyCount "76"]
[EventType "team-tourn"]
[EventCountry "TUR"]
[SourceTitle "playchess.com"]
[Source "ChessBase"]
[SourceQuality "1"]
[WhiteTeam "Augusta Perusia"]
[BlackTeam "Beer Sheva"]

{[%evp 27,76,12,12,-19,-23,-30,-28,-39,-24,-42,-31,-48,-41,-41,-45,-46,-62,-37,-19,-19,-19,-162,-146,-180,-174,-179,-179,-180,-179,-179,-180,-180,-180,-177,-172,-210,-179,-180,-177,-208,-199,-227,-162,-329,-327,-310,-313,-340,-328,-409,-409]} 1. d4 Nf6 2. c4 g6 3. Nf3 Bg7 4. g3 O-O 5. Bg2 d6 6. O-O Nbd7 7. Nc3 e5 8. h3 Re8 9. e4 exd4 10. Nxd4 Nc5 11. Re1 Bd7 12. Bf4 h6 13. Qc2 {E68: Königsindisch (Hauptvariante des g3-Systems mit e2-e4)} (13. Nb3 Na4 14. Bd2 Nxb2 15. Qe2 Na4 16. Rab1 Nxc3 17. Bxc3 Rb8 18. c5 dxc5 19. Nxc5 Bc6 20. Qb2 b6 {1-0 (50) Yu,Y (2750)-Ganguly,S (2665) Ashkhabad 2017}) 13... Nfxe4 14. Nxe4 Bxd4 {LiveBook: 11 Partien} 15. Nxc5 {Die Stellung ist ausgeglichen.} (15. Qd2 $5 {[%cal Rd2d4]} Rxe4 16. Rxe4 Nxe4 17. Qxd4 $11) 15... dxc5 16. Rxe8+ Qxe8 17. Bxh6 {[#]} Qe7 $146 ({Vorgänger:} 17... c6 18. Qd2 Qe6 19. Bf1 Re8 20. Rd1 Qf6 {1-0 (42) Houska,J (2377)-Forcen Esteban,D (2545) Llucmajor 2017}) 18. Qd2 ({Viel schwächer wäre} 18. Bxb7 Rb8 $19) 18... Re8 19. Be3 Bxe3 20. Qxe3 Qxe3 21. fxe3 Rxe3 $15 {[%mdl 4096] Endspiel KTL-KTL} 22. Rd1 $1 {[%cal Rd1d7]} Re7 23. Bxb7 Bxh3 24. Kf2 (24. Rd5 $11) 24... Rd7 $1 $19 {[%cal Rd7d1]} 25. Rh1 Rd2+ $1 26. Ke3 Rxb2 27. Rxh3 Rxb7 {KT-KT} 28. Ke4 Rb2 29. Kd5 Rxa2 30. Kxc5 {[#]} Ra6 $1 31. Rh2 Kf8 32. g4 Ke7 33. Re2+ Re6 34. Rb2 Kd7 35. Rf2 $2 {[#]} (35. Rd2+ {ist eine bessere Verteidigung.} Ke7 36. Rg2) 35... Re5+ $1 36. Kd4 Ke6 37. Ra2 a5 38. c5 Rg5 {Precision: Weiß = 34%, Schwarz = 87%.} 0-1

[Event "33rd ECCC Open 2017"]
[Site "Antalya"]
[Date "2017.10.12"]
[Round "5"]
[White "Salihu, Sami"]
[Black "Fox, Anthony"]
[Result "1/2-1/2"]
[WhiteElo "2187"]
[BlackElo "2016"]
[Annotator "NA"]
[PlyCount "108"]
[EventType "team-tourn"]
[EventCountry "TUR"]
[SourceTitle "playchess.com"]
[Source "ChessBase"]
[SourceQuality "1"]
[WhiteTeam "Dardania"]
[BlackTeam "Adare"]
[TimeControl "40/5400+30:1800+30"]

1. d4 {[%emt 0:00:30]} d5 {[%emt 0:01:00]} 2. c4 {[%emt 0:00:30]} e6 {[%emt 0:00:30]} 3. Nf3 {[%emt 0:00:30]} Nf6 {[%emt 0:00:30]} 4. Bg5 {[%emt 0:00:30]} Be7 {[%emt 0:00:30]} 5. Nc3 {[%emt 0:00:30]} h6 {[%emt 0:00:30]} 6. Bh4 {[%emt 0:00:30]} O-O {[%emt 0:00:30]} 7. e3 {[%emt 0:00:30]} b6 {[%emt 0:00:30]} 8. Bd3 {[%emt 0:00:30]} Bb7 {[%emt 0:00:30]} 9. O-O {[%emt 0:00:00]} Nbd7 {[%emt 0:00:00]} 10. Rc1 {[%emt 0:00:00]} c5 {[%emt 0:02:00]} 11. cxd5 {[%emt 0:01:30]} Nxd5 {[%emt 0:03:30]} 12. Bg3 {[%emt 0:00:30]} a6 {[%emt 0:04:30] D58: Queen's Gambit Declined: Tartakower Defence} (12... Nxc3 13. bxc3 Nf6 14. Qe2 Rc8 15. Ba6 Qd5 16. Bc4 Qh5 17. Ba6 Qd5 18. Bc4 Qh5 19. Ba6 Qd5 20. Bc4 {½-½ (20) Flores,D (2567)-Tang,A (2461) Medellin 2017}) 13. Bb1 {[%emt 0:00:30]} N7f6 {[%emt 0:11:30]} 14. Ne5 $146 {[%emt 0:02:30]} ({Predecessor:} 14. Na4 c4 15. e4 Nb4 16. Nc3 Nh5 17. Be5 b5 18. Bg3 Nxg3 19. hxg3 Qb6 20. Qe2 {1-0 (42) Gupta,A (2413)-Abhay,T (2236) Teheran 2004}) 14... Rc8 {[%emt 0:02:30]} 15. dxc5 {[%emt 0:01:30]} Nxc3 {[%emt 0:07:30]} 16. Rxc3 {[%emt 0:00:30]} Rxc5 {[%emt 0:01:30]} 17. Rd3 {[%emt 0:00:30]} Rd5 {[%emt 0:00:30]} 18. Qe2 {[%emt 0:08:30]} Rxd3 {[%emt 0:02:30]} 19. Nxd3 {[%emt 0:00:30]} Qa8 {[%emt 0:02:30]} 20. f3 {[%emt 0:00:00]} a5 {[%emt 0:02:30]} 21. Rd1 {[%emt 0:02:00]} Ba6 {[%emt 0:02:30]} 22. Qc2 {[%emt 0:01:30]} Rc8 {[%emt 0:01:30]} 23. Qb3 {[%emt 0:00:30]} Qb7 {[%emt 0:09:30]} 24. Ne5 {[%emt 0:02:30]} Rd8 {[%emt 0:04:30]} 25. Rxd8+ {[%emt 0:01:30]} Bxd8 {[%emt 0:00:30]} 26. e4 {[%emt 0:00:30]} Be7 {[%emt 0:04:30]} 27. Qc2 {[%emt 0:05:30]} Bc5+ {[%emt 0:02:30]} 28. Bf2 {[%emt 0:00:30]} Bxf2+ {[%emt 0:03:30]} 29. Kxf2 {[%emt 0:00:30]} Nd7 {[%emt 0:03:30]} 30. Ng4 {[%emt 0:03:30]} h5 {[%emt 0:01:30]} 31. Ne3 {[%emt 0:00:30]} Nc5 {[%emt 0:04:30]} 32. Qd2 {[%emt 0:01:30]} Qd7 {[%emt 0:01:30]} 33. Qxd7 {[%emt 0:01:30]} Nxd7 {[%emt 0:00:30]} 34. Ke1 {[%emt 0:00:00]} Kf8 {[%emt 0:00:30]} 35. Kd2 {[%emt 0:00:00]} Ke7 {[%emt 0:00:30]} 36. Bd3 {[%emt 0:00:00]} Bxd3 {[%emt 0:05:34]} 37. Kxd3 {[%emt 0:00:00]} Kd6 {[%emt 0:00:16]} 38. Nc4+ {[%emt 0:04:30]} Kc5 {[%emt 0:02:08]} 39. f4 {[%emt 0:00:00]} f6 {[%emt 0:02:28]} 40. Kc3 $11 {[%emt 0:00:00]} g5 {[%emt 0:06:04]} 41. g3 {[%emt 0:03:30]} h4 {[%emt 0:01:30]} 42. Ne3 {[%emt 0:00:30]} hxg3 {[%emt 0:00:30]} 43. hxg3 {[%emt 0:00:30]} gxf4 {[%emt 0:00:30]} 44. gxf4 {[%emt 0:00:00]} b5 {[%emt 0:00:30]} 45. Ng4 {[%emt 0:00:00]} b4+ {[%emt 0:01:30]} 46. Kd3 {[%emt 0:00:30]} a4 {[%emt 0:07:30]} 47. Ne3 {[%emt 0:01:30]} Nb6 {[%emt 0:00:30]} 48. b3 {[%emt 0:00:30]} a3 {[%emt 0:01:30]} 49. Ng4 {[%emt 0:00:30]} Nd7 {[%emt 0:07:30]} 50. Ke3 {[%emt 0:00:30]} e5 {[%emt 0:00:30]} 51. f5 {[%emt 0:00:30]} Kb5 {[%emt 0:00:30]} 52. Kd2 {[%emt 0:00:00]} Kc5 {[%emt 0:00:55]} 53. Ke3 {[%emt 0:01:00]} Kb5 {[%emt 0:00:08]} 54. Kd2 {[%emt 0:04:30]} Kc5 {[%emt 0:00:40]} 1/2-1/2